| 000 | 00493nam a22001577a 4500 | ||
|---|---|---|---|
| 999 |
_c529402 _d529402 |
||
| 020 | _qHard Cover. | ||
| 082 | _a620.1 | ||
| 100 | _aNajeeb Ullah Khan. | ||
| 245 |
_aJib control of Hardware in Loop Crane using optimal Control Technique / _cNajeeb Ullah Khan. |
||
| 260 |
_aIslamabad: _bSMME-NUST. _c2014 |
||
| 300 |
_a49 p. : ill. ; _c30cm. |
||
| 942 |
_2ddc _cTHE |
||
| 650 |
_aMs Thesis. _918721 |
||
| 700 |
_aDr. Mohsin Jamil. _916128 |
||